000 00882cam a22002534a 4500
001 14132739
005 20180220092454.0
008 051005s2006 ne a b 001 0 eng
010 _a 2005029192
020 _a0120883880 (alk. paper)
040 _aDLC
_cDLC
_dDLC
041 _aeng
042 _apcc
080 _a305.26 BIN
082 0 0 _a305.26 BIN
_222
100 _a50
101 _aSOC
245 0 0 _aHandbook of aging and the social sciences /
_ceditors Robert H. Binstock and Linda K. George ; associate editors Stephen J. Cutler, Jon Hendricks, and James H. Schulz.
246 3 0 _aAging and the social sciences
504 _aIncludes bibliographical references and indexes.
906 _a7
_bcbc
_corignew
_d1
_eecip
_f20
_gy-gencatlg
942 _2ddc
_cBK
999 _c42953
_d42953